000 00814nam a2200277Ia 4500
001 22077
005 20260320113340.0
008 260320s9999||||xx |||||||||||||| ||und||
022 _a23060565
041 _aESP
082 _aHR 150 V. 15 N° 1 2025
_bRP
100 _a
_e
110 _aUniversidad Católica San Pablo
245 0 _aRevista de psicología
_b
246 _a
_5
_b
260 _aArequipa :
_bUniversidad Católica San Pablo,
_c2025
300 _a209 páginas :
_bgráficos, tablas ;
_c24 cm.
_e
440 _a
_n
_v
505 _aV. 15, N° 1 (Enero-Junio 2025)
650 _aPSI
653 _aPsicología - Revista
654 _aCPS
700 _a
_c
856 _uhttps://revistas.ucsp.edu.pe/index.php/psicologia
_zVéase además: Revistas académicas UCSP
942 _cREV
_dJUS
_fMAT
_2ddc
_n
999 _c22077
_d22077